02578nas a22002655i 45000010010000000030009000100050017000190070015000360080041000510220014000920240033001062100033001392450180001722640050003523000021004025201563004236500016019866500087020027000077020897100034021667760033022008560052022339990019022859420008023041572-8595DE-He21320200203194707.0cr nn 008mamaa150723s||||||||xxuuu poo|||||| b|EN |d a1572-85957 a10.1007/10840.1572-85952doi10aJ Interv Card Electrophysiol10aJournal of Interventional Cardiac Electrophysiologyh[electronic resource] :bAn International Journal of Cardiac Arrhythmias and Rhythm Management /cedited by Andrea Natale. 1aNew York :bSpringer US :bImprint: Springer. bonline resource. aThe Journal of Interventional Cardiac Electrophysiology is an international publication devoted to fostering research in and development of interventional techniques and therapies for the management of cardiac arrhythmias. It is designed primarily to present original research studies and scholarly scientific reviews of basic and applied science and clinical research in this field. The Journal will adopt a multidisciplinary approach to link physical, experimental, and clinical sciences as applied to the development of and practice in interventional electrophysiology. The Journal will examine techniques ranging from molecular, chemical and pharmacologic therapies to device and ablation technology. Accordingly, original research in clinical, epidemiologic and basic science arenas will be considered for publication. Applied engineering or physical science studies pertaining to interventional electrophysiology will be encouraged. The Journal is committed to providing comprehensive and detailed treatment of major interventional therapies and innovative techniques in a structured and clinically relevant manner. It is directed at clinical practitioners and investigators in the rapidly growing field of interventional electrophysiology. The editorial staff and board reflect this bias and include noted international experts in this area with a wealth of expertise in basic and clinical investigation. Peer review of all submissions, conflict of interest guidelines and periodic editorial board review of all Journal policies have been established. 0aCardiology.14aCardiology.0http://scigraph.springernature.com/things/product-market-codes/H330371 aNatale, Andrea.eeditor.4edt4http://id.loc.gov/vocabulary/relators/edt2 aSpringerLink (Online service)08iPrinted version: x1383-875X40uhttps://doi.org/10.1007/10840.1572-8595zHybrid c457078d457078 cEMG